Atatürk ve çevresindekiler/ (Record no. 14258)
[ view plain ]
| 000 -BAŞLIK | |
|---|---|
| Sabit Uzunlukta Kontrol Alanı | 00743nam a22002417a 4500 |
| 999 ## - SİSTEM KONTROL NUMARALARI (KOHA) | |
| Koha Biblionumber | 14258 |
| Koha Biblioitemnumber | 14258 |
| 003 - KONTROL NUMARASI IDENTIFIER | |
| Denetim Alanı | MIRAKIL |
| 005 - SON İŞLEM TARİHİ VE ZAMANI | |
| Denetim Alanı | 20201201171038.0 |
| 008 - SABİT-BOY VERİ ELEMANLARI - GENEL BİLGİLER | |
| Sabit Uzunlukta Kontrol Alanı | 201201b tu ||||| |||| 00| 0 tur d |
| 020 ## - ULUSLARARASI STANDART KİTAP NUMARASI | |
| Uluslararası Standart Kitap Numarası | 9754580642 |
| 040 ## - KATALOGLAMA KAYNAK | |
| Orijinal Kataloglama Ajansı | TR-AnCHP |
| Kataloglama Dili | tur |
| Metne Dönüştürmek Ajansı | TR-AnCHP |
| 082 ## - DEWEY ONLU SINIFLANDIRMA NUMARASI | |
| Sınıflandırma Numarası | 923.156 |
| Ürün Numarası | A64a 1995 |
| 100 ## - ANA GİRİŞ - KİŞİSEL İSİM | |
| Kişisel Ad | Arıburnu, Kemal |
| 245 ## - BAŞLIK TABLOSU | |
| Başlık | Atatürk ve çevresindekiler/ |
| Sorumluluk Tablosu, Vb | Kemal Arıburnu. |
| 250 ## - EDITION TABLOSU | |
| Baskı Beyanı | 2. bs. |
| 260 ## - YAYIN, DAĞITIM, VB | |
| Yayın, Dağıtım, Vb Yeri | Ankara: |
| Yayıncı, Dağıtıcı, Vs Adı | Türkiye iş bankası kültür yayınları, |
| Yayın, Dağıtım, Vb Tarihi | 1995. |
| 300 ## - FİZİKSEL TANIM | |
| Kapsam | 184 S.: |
| Boyutlar | 19 sm. |
| 490 ## - SERİSİ TABLOSU | |
| Seri Beyanı | Atatürk dizisi; |
| Hacim / Ardışık Tanımı | 31. |
| 490 ## - SERİSİ TABLOSU | |
| Seri Beyanı | Türkiye İş Bankası Kültür yayınları; |
| Hacim / Ardışık Tanımı | 336. |
| 504 ## - KAYNAKÇA VB NOT | |
| Kaynakça Vb Notu | Kaynakça vardır. |
| 600 ## - KONU KATMA GİRİŞ - KURUMSAL ADI | |
| Kişisel Ad | Atatürk, Mustafa Kemal |
| Bir Adıyla İlişkilendirilen Tarihler | 1881-1938 |
| Genel Alt Bölümü | Yaşam öyküsü |
| 942 ## - EKLENDİ GİRİŞ ELEMANLARI (KOHA) | |
| Sınıflandırma Veya Raf Düzeni Kaynak | Dewey Decimal Classification |
| Koha Öğesi Türü | Books |
| 999 ## - SİSTEM KONTROL NUMARALARI (KOHA) | |
| Koha Biblioitemnumber | 14258 |
| Kalıcı Konum | Mevcut Konum | Edinme Tarihi | Toplam Check-Out'Lar | Tam Çağrı Numarası | Barkod | Tarih Son Görülme | İtibaren Geçerli Fiyatlar | Sigara Kamu Notu | Koha Öğesi Türü |
|---|---|---|---|---|---|---|---|---|---|
| Parti Okulu Kütüphanesi | Parti Okulu Kütüphanesi | 12/01/2020 | 923.156 A64a 1995 | P00610 | 12/01/2020 | 12/01/2020 | Emine Başak Alkan Bağışıdır. | Books |
